000 00432nam a2200157Ia 4500
008 230719s9999 xx 000 0 und d
041 _aeng
082 _a338.5
_bBLO
100 _aBlomqvist A.
_9203703
245 _a Study Guide To Accompany Microeconomics
250 _a4th ed.
260 _c1997
_bTata McGraw Hill Pub.
300 _a414
365 _cRs.
_b70.00
700 _aBlomqvist A.; Wonnacott P. & Wonnacott R.
_9203704
999 _c353977
_d353977